Southville International School and Colleges
Your cart is empty.
  • Cart
  • Lists
    Public lists Eva Luna New books Lux_list list_1
    Your lists Log in to create your own lists
  • Log in to your account
  • Your cookies
  • Search history
Southville International School and Colleges
  • Advanced search
  • Recent comments
  • Most popular
  • Libraries

Log in to your account

Log in with GOOGLE


If you do not have an external account, but do have a local account, you can still log in:

  1. Home
  2. MARC view: Advertising and integrated brand promotion /
Normal view MARC view ISBD view

Advertising and integrated brand promotion / (Record no. 48587)

[ view plain ]
MARC details
000 -LEADER
fixed length control field 00632nam a2200205Ia 4500
008 - FIXED-LENGTH DATA ELEMENTS--GENERAL INFORMATION
fixed length control field 140321s9999 xx 000 0 und d
020 ## - INTERNATIONAL STANDARD BOOK NUMBER
International Standard Book Number 9780538473323
050 ## - LIBRARY OF CONGRESS CALL NUMBER
Classification number HF 5821
Item number .Og9 2012
100 ## - MAIN ENTRY--PERSONAL NAME
Personal name O'Guinn, Thomas C.
245 ## - TITLE STATEMENT
Title Advertising and integrated brand promotion /
Statement of responsibility, etc Thomas C. O'Guinn, Chria T. Allen & Richard J. Semeniik.
250 ## - EDITION STATEMENT
Edition statement 6th ed.
260 ## - PUBLICATION, DISTRIBUTION, ETC. (IMPRINT)
Place of publication, distribution, etc Ohio :
Name of publisher, distributor, etc South-Western Cengage Learning,
Date of publication, distribution, etc c2012.
300 ## - PHYSICAL DESCRIPTION
Extent 693 p. :
Other physical details col. ill. ;
Dimensions 29 cm.
500 ## - GENERAL NOTE
General note Includes index.
521 ## - TARGET AUDIENCE NOTE
Target audience note
650 ## - SUBJECT ADDED ENTRY--TOPICAL TERM
Topical term or geographic name as entry element Advertising media planning.
650 ## - SUBJECT ADDED ENTRY--TOPICAL TERM
Topical term or geographic name as entry element Advertising.
942 ## - ADDED ENTRY ELEMENTS (KOHA)
Call number prefix Foreign
Koha item type Books
Holdings
Withdrawn status Lost status Source of classification or shelving scheme Damaged status Home library Current library Shelving location Date acquired Source of acquisition Total Checkouts Full call number Barcode Date last seen Price effective from Koha item type
    Library of Congress Classification   College Library College Library Graduate Section 03/21/2014 Donation   HF 5821 .Og9 2012 C17870 05/15/2018 03/21/2014 Books

Advertising and integrated brand promotion /

APA

O'Guinn T. C., . (2012). Advertising and integrated brand promotion. Ohio: South-Western Cengage Learning.

Chicago

O'Guinn Thomas C, . 2012. Advertising and integrated brand promotion. Ohio: South-Western Cengage Learning.

Harvard

O'Guinn T. C., . (2012). Advertising and integrated brand promotion. Ohio: South-Western Cengage Learning.

MLA

O'Guinn Thomas C, . Advertising and integrated brand promotion. Ohio: South-Western Cengage Learning. 2012.

  • Place hold
  • Print
  • Cite
  • Add to your cart (remove)
  • Save record
    BIBTEX Dublin Core MARCXML MARC (non-Unicode/MARC-8) MARC (Unicode/UTF-8) MARC (Unicode/UTF-8, Standard) MODS (XML) RIS
  • More searches
    Search for this title in:
    Other Libraries (WorldCat) Other Databases (Google Scholar) Online Stores (Bookfinder.com) Open Library (openlibrary.org)

Exporting to Dublin Core...

SOUTHVILLE LIBRARY

Southville International School and Colleges Library

1281 Tropical Ave. Cor. Luxembourg St., BF Homes International, Las Pinas City

Tel. No. 8256374 / 252358 Loc. 117/146

Powered by Koha